| 000 | 00579nam a2200217 a 4500 | ||
|---|---|---|---|
| 001 | 0001-2108 | ||
| 003 | ELIB.Books | ||
| 008 | 190723 2010 eng | ||
| 020 | _a0824506383 | ||
| 092 |
_a253 _bSch |
||
| 100 | _aSchillebeeckx, Edward. | ||
| 245 |
_aMinistry _bLedership in the Community of Jesus Christ |
||
| 260 |
_aNew York _bCrossroad _c1984 |
||
| 300 |
_a165 _c22.5cm |
||
| 650 | _aPastoral Theology | ||
| 856 |
_nKBTS Library _uKBTS Elib |
||
| 942 |
_2ddc _cBK |
||
| 990 | _a1 | ||
| 998 |
_aEnglishbooks.elf _ccat _e2019-07-23 |
||
| 999 |
_c12108 _d12108 |
||